| 000 | 00787nam a2200157 i 4500 | ||
|---|---|---|---|
| 001 | 65489 | ||
| 003 | ES-MaACL | ||
| 007 | t| | ||
| 008 | 040114s1910 fr ||||1| fre d | ||
| 100 | 1 |
_aFriedel, V.-H. _952618 |
|
| 245 | 1 | 3 |
_aLa pédagogie dans les pays etrangers _b: problemes et solutions / _cV.-H. Friedel. |
| 260 |
_aParis : _bG. Roustan, _c1910. |
||
| 300 |
_a330 p. ; _c19 cm. |
||
| 505 | 8 | _aContiene: L'obligation scolaire dans les pays étrangers. L'obligation port-scolaire dans les pays étrangers. Le préparation professionnelle des instituteurs dans les universités de l'étranger. Le programme des ecoles normales allemandes. L'institution des medicins scolaires áa l'étranger. Les tribunans pour enfants criminals dans les pays étrangers | |
| 852 |
_aES-MaACL _jG-3192 |
||
| 999 |
_c65489 _d65489 |
||